История религий Востока: Религиозно-культовые традиции и общество: учебное пособие

Opis bibliograficzny
1. autor: Васильев Л. С. Леонид Сергеевич
Streszczenie:Исключено из фонда НТБ ТПУ
Język:rosyjski
Wydane: Москва, Высшая школа, 1983
Format: Książka
KOHA link:https://koha.lib.tpu.ru/cgi-bin/koha/opac-detail.pl?biblionumber=18852

MARC

LEADER 00000nam0a2200000 4500
001 18852
005 20231030191437.0
035 |a (RuTPU)RU\TPU\book\19007 
035 |a BOOK00019076 
090 |a 18852 
100 |a 20011209d1983 m y0rusy50 ca 
101 0 |a rus 
102 |a RU 
105 |a y j 000zy 
200 1 |a История религий Востока: Религиозно-культовые традиции и общество  |e учебное пособие  |f Л. С. Васильев 
210 |a Москва  |c Высшая школа  |d 1983 
215 |a 368 с. 
333 |a Исключено из фонда НТБ ТПУ 
700 1 |a Васильев  |b Л. С.  |g Леонид Сергеевич 
801 0 |a RU  |b 63413507  |c 20011209  |g PSBO 
801 2 |a RU  |b 63413507  |c 20210301  |g PSBO 
942 |c BK